004610000a220010900045001000019000002450151000193000052001707730014002229420008002369520090002449990017003341 aNeira, Armando10aLa Sierra cercada : La exuberante Sierra Nevada de Santa Marta será en dos décadas un desierto si no se frenan la tala y la quema de árboles aVol. 52, Num. 52 (Junio, 1994), Páginas 58-600 tCambio 16 cANA 001040708HEMaFUSBCbFUSBCd2016-01-26l0o r2016-01-26 00:00:00w2016-01-26yANA c58484d58484